| 000 | 00671cab a2200205 4500 | ||
|---|---|---|---|
| 001 | WB2840-21 | ||
| 008 | 090401t1992 xxu||||| |||| 00| 0 eng d | ||
| 035 | _a(Sirsi) u38948 | ||
| 041 | _aeng | ||
| 245 | _aAntiques industry code of practice | ||
| 260 | _c1992 | ||
| 350 | _a0 | ||
| 490 |
_aFinancial Times _v13 October 1992, 13(1) |
||
| 520 | _aThe London and Provincial Antique Dealers` Association has drawn up a code of practice "Antique Buyers` Charter" outlining dealers` responsibilities and shoppers rights. | ||
| 650 |
_aArts and antiques _96217 |
||
| 650 | _aCODE OF PRACTICE | ||
| 690 |
_aArts and antiques _96217 |
||
| 942 | _n0 | ||
| 948 | _c04/03/1997 | ||
| 999 |
_c24970 _d24970 |
||